书目信息 |
| 题名: |
安全行车心理学
|
|
| 作者: | 杨宗义 著 | |
| 分册: | ||
| 出版信息: | 重庆 重庆出版社 1983 |
|
| 页数: | 172页 | |
| 开本: | 19cm | |
| 丛书名: | ||
| 单 册: | ||
| 中图分类: | U471.3 | |
| 科图分类: | ||
| 主题词: | 驾驶员-汽车-应用心理学 , 应用心理学-驾驶员-汽车 , 汽车-驾驶员-应用心理学 | |
| 电子资源: | ||
| ISBN: | ||
| 000 | 00698nam0 2200265 45 | |
| 001 | 0183008298 | |
| 005 | 20060731105246.70 | |
| 010 | @dCNY0.63 | |
| 091 | @a2114.5 | |
| 100 | @a19950516d1983 em y0chiy0121 ea | |
| 101 | 0 | @achi |
| 102 | @aCN@b510000 | |
| 105 | @ay f 000yy | |
| 200 | 10 | @a安全行车心理学@Aan quan xing che xin li xue@f杨宗义著 |
| 210 | @a重庆@c重庆出版社@d1983 | |
| 215 | @a172页@d19cm | |
| 300 | @a驾驶员读物 | |
| 606 | @a驾驶员-汽车-应用心理学 | |
| 606 | @a应用心理学-驾驶员-汽车 | |
| 606 | @a汽车-驾驶员-应用心理学 | |
| 690 | @aU471.3@v3 | |
| 701 | 0 | @a杨宗义@Ayang zong yi@4著 |
| 801 | 2 | @aCN@bNLC@c20060731 |
| 801 | 0 | @aCN@bTSSF |
| 905 | @a10447@dU471.3@e126 | |
| 安全行车心理学/杨宗义著.-重庆:重庆出版社,1983 |
| 172页;19cm |
| 驾驶员读物 |
| ISBN :CNY0.63 |
| ● |
| 相关链接 |
|
|
|
|
正题名:安全行车心理学
索取号:U471.3/126
 
预约/预借
| 序号 | 登录号 | 条形码 | 馆藏地/架位号 | 状态 | 备注 |
| 1 | 0439119 | 204391194 | 密集书库/ [索取号:U471.3/126] | 在馆 | |
| 2 | 0439120 | 204391201 | 密集书库/ [索取号:U471.3/126] | 在馆 | |
| 3 | 0439121 | 204391210 | 密集书库/ [索取号:U471.3/126] | 在馆 |